[Event "Ch Czechoslovakia (w)"]
[Site "masterchessopen.com Pardubice (Czech Republic)"]
[Round "11"]
[White "Kubikova Hana (CZE)"]
[Black "Krupkova Petra (CZE)"]
[Result "1-0"]
[WhiteElo "2159"]
[BlackElo "2270"]

1.Nf3 Nf6 2.g3 g6 3.Bg2 Bg7 4.O-O O-O 5.d4 d5 6.c4 dxc4 7.Na3 Nbd7 8.Nxc4 c5
9.dxc5 Nxc5 10.Bf4 Nd5 11.Be5 f6 12.Bd4 Ne6 13.Qb3 Nec7 14.e4 Be6 15.exd5 Bxd5
16.a4 b5 17.axb5 Rb8 18.Be3 Nxb5 19.Qd3 Rc8 20.Na5 f5 21.Qxb5 {#r} 1-0

[Event "It (open)"]
[Site "masterchessopen.com Schellenberg (Germany)"]
[Round "2"]
[White "Tochtermann Georg Dr (GER)"]
[Black "Pribyl Martin (CZE)"]
[Result "0-1"]
[WhiteElo "1918"]
[BlackElo "2343"]

1.Nf3 Nf6 2.g3 g6 3.Bg2 Bg7 4.O-O O-O 5.d4 d5 6.c4 dxc4 7.Nc3 Nc6 8.e4 Bg4
9.Be3 Nd7 10.Qd2 Bxf3 11.Bxf3 e5 12.d5 Nd4 13.Bg2 c5 14.f4 a6 15.f5 b5 16.Bh6
f6 17.fxg6 hxg6 18.Bh3 Qe7 19.Rf2 Nb6 20.Raf1 Nc8 21.Ne2 Nd6 22.Nxd4 cxd4
23.Bxg7 Kxg7 24.Qe2 b4 25.Qg4 c3 26.Qe2 Ra7 27.Bf5 gxf5 28.exf5 Rh8 29.g4 Nf7
30.Rg2 Ng5 31.Qf2 {#R} 0-1

[Event "It (open) (active)"]
[Site "masterchessopen.com Triberg (Germany)"]
[Round "0"]
[White "Vukovic Dusan M (SRB)"]
[Black "David Pavel (CZE)"]
[Result "0-1"]
[WhiteElo "2238"]
[BlackElo "2400"]

1.Nf3 Nf6 2.d4 g6 3.c4 Bg7 4.g3 O-O 5.Bg2 d5 6.O-O dxc4 7.Na3 Nc6 8.Nxc4 Be6
9.b3 Bd5 10.Bb2 a5 11.Rc1 a4 12.bxa4 Ra6 13.Nfe5 Bxg2 14.Kxg2 Qa8 15.a5 b5
16.d5 Nxe5 17.Nxe5 Nxd5 18.Kg1 Rxa5 19.e4 Nf6 20.Nc6 Rxa2 21.Qb3 e6 22.Rfe1
Qa4 23.Rc3 Rxb2 24.Qxb2 Nxe4 25.Rxe4 Qxe4 26.Qc1 Bxc3 27.Ne7+ Kg7 28.Qxc3+
{#R} 0-1

[Event "Tournament FMDA (team)"]
[Site "masterchessopen.com Buenos Aires (Argentina)"]
[Round "1"]
[White "Fulgenzi Ernesto (ARG)"]
[Black "Valerga Diego (ARG)"]
[Result "0-1"]
[WhiteElo "2338"]
[BlackElo "2484"]

1.d4 Nf6 2.Nf3 g6 3.g3 Bg7 4.Bg2 O-O 5.O-O d5 6.c4 dxc4 7.Na3 Nc6 8.Nxc4 Be6
9.b3 Bd5 10.Bb2 Qc8 11.Qc1 Rd8 12.Rd1 a5 13.Qf4 a4 14.Nce5 axb3 15.axb3 Rxa1
16.Rxa1 Nxe5 17.dxe5 Ne4 18.Rc1 h6 19.Nd4 Ng5 20.e4 Bxe4 21.e6 Bxd4 22.exf7+
Kf8 23.Bxd4 Rxd4 24.h4 Bxg2 {#R} 0-1

[Event "It (open)"]
[Site "masterchessopen.com Doha (Qatar)"]
[Round "2"]
[White "Mahmud Syarif (INA)"]
[Black "Khaled Ahmed (UAE)"]
[Result "1-0"]
[WhiteElo "2315"]
[BlackElo "2016"]

1.d4 Nf6 2.c4 g6 3.Nf3 Bg7 4.g3 O-O 5.Bg2 d5 6.O-O dxc4 7.Na3 c3 8.bxc3 c5
9.e3 Nc6 10.Bb2 Qb6 11.Qe2 Be6 12.Rfc1 Rfd8 13.h3 cxd4 14.cxd4 Nb4 15.Nc4 Qa6
16.a3 Nc6 17.Bf1 Rac8 18.Ng5 Bd5 19.e4 Bxc4 20.Qxc4 Qxc4 21.Bxc4 e6 22.Nxe6
fxe6 23.Bxe6+ Kf8 24.Bxc8 Rxc8 25.d5 Ne7 26.Rxc8+ Nxc8 27.Rc1 Ne7 28.Rc7 {#r}
1-0

[Event "Ch France (team)"]
[Site "masterchessopen.com France"]
[Round "0"]
[White "Beikert Guenther (GER)"]
[Black "Anic Darko (FRA)"]
[Result "1-0"]
[WhiteElo "2390"]
[BlackElo "2424"]

1.g3 g6 2.Bg2 Bg7 3.d4 d5 4.Nf3 Nf6 5.O-O O-O 6.c4 dxc4 7.Na3 c3 8.bxc3 c5
9.Nc4 Nc6 10.Nce5 Nd5 11.Qd3 Nxe5 12.Nxe5 Be6 13.Bb2 Qc7 14.f4 cxd4 15.cxd4
Rac8 16.e4 Bxe5 17.fxe5 Nb4 18.Qd2 Qb6 19.Bc3 Rfd8 20.Rad1 Nxa2 21.Ba1 Nb4
22.Kh1 Rc2 23.Qf4 Qa6 24.d5 Qe2 25.Qf3 Qxf3 26.Bxf3 Bh3 27.Rg1 h5 28.g4 h4
29.Bd4 b6 30.Rge1 Kf8 31.Re3 Rdc8 32.Rb3 R8c4 33.d6 exd6 34.exd6 Nc6 35.Bf6
Rc1 36.Rd3 {#r} 1-0

[Event "Oberliga NRW 1991/92"]
[Site "masterchessopen.com Germany"]
[Round "0"]
[White "Flockert Ruediger (GER)"]
[Black "Classen Harald (GER)"]
[Result "1-0"]
[WhiteElo "2140"]
[BlackElo "2151"]

1.d4 Nf6 2.Nf3 g6 3.g3 Bg7 4.Bg2 O-O 5.O-O d5 6.c4 dxc4 7.Qc2 Bf5 8.Qxc4 Be6
9.Qc2 Nc6 10.Nc3 Bg4 11.Be3 Nb4 12.Qd2 Nbd5 13.Nxd5 Nxd5 14.Bh6 Bxf3 15.Bxf3
c6 16.Bxg7 Kxg7 17.Rfc1 Nb6 18.Rc5 Qd7 19.Qc3 Kg8 20.e3 Rac8 21.Rc1 Rb8 22.b4
a6 23.a4 Nc8 24.Kg2 Nd6 25.h4 Rfd8 26.h5 Qe8 27.hxg6 hxg6 28.Rh1 f6 29.e4 Kg7
30.Bg4 Nxe4 31.Qe3 Ng5 32.Rxg5 {#r} 1-0

[Event "It (open)"]
[Site "masterchessopen.com Habana (Cuba)"]
[Round "0"]
[White "Cabrera Gabriel (CUB)"]
[Black "Barreras Alberto (CUB)"]
[Result "0-1"]
[WhiteElo "2227"]
[BlackElo "2335"]

1.d4 Nf6 2.Nf3 g6 3.g3 Bg7 4.Bg2 O-O 5.O-O d5 6.c4 dxc4 7.Na3 c3 8.bxc3 c5
9.Ne5 Nfd7 10.Nxd7 Nxd7 11.Rb1 cxd4 12.cxd4 Nb6 13.d5 Bg4 14.h3 Bd7 15.Bg5 h6
16.Be3 e6 17.Bc5 Re8 18.e4 exd5 19.exd5 Bf5 20.Rb4 Qc8 21.Bxb6 axb6 22.Nb5 Qc5
23.a3 Rxa3 24.Nxa3 Qxb4 25.Nc2 Qc5 26.Ne3 Be4 27.Qd2 Bxg2 28.Nxg2 Re4 29.Rc1
Rc4 30.Rxc4 Qxc4 31.Ne3 Qc3 32.Qd1 Qa1 33.Qxa1 Bxa1 34.Kf1 Bd4 35.Ke2 Bxe3
36.fxe3 f5 {#R} 0-1

[Event "Ch Norway"]
[Site "masterchessopen.com Norway"]
[Round "0"]
[White "Fyllingen Roy Harald (NOR)"]
[Black "Tisdall Jonathan D (NOR)"]
[Result "0-1"]
[WhiteElo "2330"]
[BlackElo "2435"]

1.d4 Nf6 2.Nf3 g6 3.g3 Bg7 4.Bg2 O-O 5.O-O d5 6.c4 dxc4 7.Qc2 Nc6 8.Qxc4 Be6
9.Qa4 Nd5 10.Rd1 Nb6 11.Qa3 Bg4 12.Nc3 Bxf3 13.Bxf3 Nxd4 14.Bxb7 Nxe2+ 15.Kf1
Nd4 16.Be3 e5 17.Ne2 Rb8 18.Qxa7 c5 19.Bg2 Nc4 20.Bxd4 exd4 21.Qxc5 Rc8 22.Qb5
d3 23.Nf4 Nxb2 24.Nxd3 Nxd1 25.Rxd1 Qd4 26.a4 Rc2 27.a5 Rd8 28.a6 Bf8 29.Bf3
Bc5 30.Kg2 Ba7 31.h4 Rd6 32.Qb1 Rc3 33.Be2 Rf6 34.Rf1 Qe4+ {#R} 0-1

[Event "It (open)"]
[Site "masterchessopen.com Sevilla (Spain)"]
[Round "0"]
[White "Alawieh Amine (FRA)"]
[Black "Sion Castro Marcelino (ESP)"]
[Result "1-0"]
[WhiteElo "2360"]
[BlackElo "2390"]

1.d4 Nf6 2.Nf3 g6 3.g3 Bg7 4.Bg2 O-O 5.O-O d5 6.c4 dxc4 7.Na3 c3 8.bxc3 c5
9.Qb3 Nc6 10.Ne5 cxd4 11.Nxc6 bxc6 12.cxd4 Ba6 13.Qa4 Bxe2 14.Re1 Bd3 15.Bxc6
Rc8 16.Bg5 h6 17.Bd2 Nd5 18.Rac1 Nb6 19.Qxa7 Nc4 20.Nxc4 Rxc6 21.Ne5 Ra6
22.Qc5 Rxa2 23.Bb4 Bf5 24.Nc6 Qa8 25.Nxe7+ Kh8 26.Nxf5 gxf5 27.d5 f4 28.Bc3
Rg8 29.Bxg7+ Rxg7 30.Qd4 fxg3 31.hxg3 Kh7 32.Rc6 Qb8 33.Qd3+ {#r} 1-0

[Event "It (open)"]
[Site "masterchessopen.com Wuerzburg (Germany)"]
[Round "4"]
[White "Spassov Liuben (BUL)"]
[Black "Nissen Claus (GER)"]
[Result "1-0"]
[WhiteElo "2367"]
[BlackElo "2184"]

1.Nf3 Nf6 2.g3 g6 3.Bg2 Bg7 4.O-O O-O 5.d4 d5 6.c4 dxc4 7.Na3 c3 8.bxc3 c5
9.e3 Nc6 10.Qe2 Ne4 11.Bb2 Qa5 12.Rfc1 Rd8 13.Ne5 Nxe5 14.Bxe4 Nc6 15.Nc4 Qc7
16.Ba3 b6 17.d5 Ne5 18.d6 Qb8 19.Nxe5 Bxe5 20.dxe7 Re8 21.Qf3 Be6 22.Rd1 {#r}
1-0

[Event "It (cat.3)"]
[Site "masterchessopen.com Bucharest (Romania)"]
[Round "0"]
[White "Bogdan Dan (ROM)"]
[Black "Grigore George-Gabriel (ROM)"]
[Result "1-0"]
[WhiteElo "2367"]
[BlackElo "2476"]

1.d4 Nf6 2.Nf3 g6 3.g3 Bg7 4.Bg2 O-O 5.O-O d5 6.c4 dxc4 7.Na3 c3 8.bxc3 c5
9.Nc4 Nc6 10.Nfe5 cxd4 11.Nxc6 bxc6 12.cxd4 Nd5 13.Bb2 Rb8 14.Rc1 Be6 15.Ba1
Rb4 16.Ne5 Bxe5 17.dxe5 Nb6 18.Rxc6 Bxa2 19.Qc2 Bd5 20.Bxd5 Qxd5 21.Rd1 Qb5
22.e6 f6 23.Rc7 Rc4 24.Qd3 Qb4 25.Bc3 Qa4 26.Rxc4 Nxc4 27.Ra1 Qc6 28.Rxa7 Qxe6
29.Bb4 Ne5 30.Qe3 Rd8 31.Rxe7 Rd1+ 32.Kg2 Qd5+ 33.f3 Ra1 34.Qh6 {#r} 1-0

[Event "It (open)"]
[Site "masterchessopen.com Cattolica (Italy)"]
[Round "0"]
[White "Zeh Rolf (GER)"]
[Black "Kyas Juergen (GER)"]
[Result "0-1"]
[WhiteElo "1951"]
[BlackElo "2195"]

1.d4 Nf6 2.Nf3 g6 3.g3 Bg7 4.Bg2 d5 5.O-O O-O 6.c4 dxc4 7.Qa4 Nfd7 8.Qxc4 Nc6
9.Rd1 Nb6 10.Qc2 Bf5 11.e4 Bg4 12.d5 Bxf3 13.Bxf3 Nd4 14.Qd3 c5 15.Nd2 Rc8
16.Bg2 c4 17.Qf1 Qd7 18.Nf3 Nxf3+ 19.Bxf3 Na4 20.e5 Bxe5 21.Qe2 Bg7 22.Bg5
Rfe8 23.Rd2 c3 24.bxc3 Nxc3 25.Qe1 b5 26.Rc1 b4 27.Rdc2 a5 28.Bd2 e6 29.Bxc3
bxc3 30.Qe4 exd5 31.Qxd5 Qxd5 32.Bxd5 Red8 33.Rd1 Rb8 34.Re2 Kf8 35.Kg2 Rb2
36.Ree1 c2 {#R} 0-1

[Event "It (open)"]
[Site "masterchessopen.com Chicago (USA)"]
[Round "7"]
[White "Heurung David (USA)"]
[Black "Stone Raymond (CAN)"]
[Result "0-1"]
[WhiteElo "2271"]
[BlackElo "2321"]

1.d4 Nf6 2.Nf3 g6 3.g3 Bg7 4.Bg2 O-O 5.O-O d5 6.c4 dxc4 7.Na3 c3 8.bxc3 c5
9.Nc4 Nc6 10.Nfe5 Nd5 11.Bb2 Nxe5 12.Nxe5 Bxe5 13.dxe5 Be6 14.Qc2 Qc7 15.Rad1
Rfd8 16.h4 Nb6 17.h5 Nc4 18.hxg6 hxg6 19.Bc1 Rxd1 20.Rxd1 Rd8 21.Bxb7 Rxd1+
22.Qxd1 Qxb7 23.Qd8+ Kh7 24.Kh2 Qe4 {#R} 0-1

[Event "It (open)"]
[Site "masterchessopen.com Geneva (Switzerland)"]
[Round "2"]
[White "Mikavica Mirko (SRB)"]
[Black "Sudan Georges (SUI)"]
[Result "1-0"]
[WhiteElo "2197"]
[BlackElo "2050"]

1.d4 Nf6 2.Nf3 g6 3.g3 Bg7 4.Bg2 O-O 5.O-O d5 6.c4 dxc4 7.Na3 c3 8.bxc3 c5
9.Bb2 Nc6 10.Nc4 Be6 11.Ncd2 Qb6 12.Ba3 cxd4 13.cxd4 Nxd4 14.Rb1 Nxf3+ 15.Bxf3
Qa5 16.Bxe7 Rfe8 17.Rxb7 Qxa2 18.Bxf6 Bxf6 19.Ne4 Bg7 20.Ng5 Bc4 21.Nxf7 Bxe2
22.Qd7 Bxf3 23.Nh6+ {#r} 1-0

[Event "It (open)"]
[Site "masterchessopen.com Mar del Plata (Argentina)"]
[Round "5"]
[White "Panno Oscar (ARG)"]
[Black "Hobaica Juan Pablo (ARG)"]
[Result "1-0"]
[WhiteElo "2495"]
[BlackElo "2395"]

1.d4 Nf6 2.Nf3 g6 3.g3 Bg7 4.Bg2 O-O 5.O-O d5 6.c4 dxc4 7.Na3 Nc6 8.Nxc4 Be6
9.b3 Bd5 10.Bb2 Ne4 11.Qc2 Nb4 12.Qc1 b5 13.Ne3 Bh6 14.Qe1 a5 15.Nxd5 Nxd5
16.Ne5 Ndf6 17.e3 a4 18.Ng4 Nxg4 19.Bxe4 Rb8 20.Qe2 Nf6 21.Bc6 axb3 22.axb3 b4
23.Qc4 e6 24.Rfc1 Qd6 25.Bf3 Nd5 26.Ra5 Nxe3 27.fxe3 Bxe3+ 28.Kg2 Bxc1 29.Qxc1
f5 30.Re5 Rb6 31.d5 Re8 32.dxe6 Ra6 33.e7 {#r} 1-0

[Event "It (open)"]
[Site "masterchessopen.com Mar del Plata (Argentina)"]
[Round "3"]
[White "Panno Oscar (ARG)"]
[Black "Mellano Santiago (ARG)"]
[Result "1-0"]
[WhiteElo "2495"]
[BlackElo "2300"]

1.Nf3 Nf6 2.d4 g6 3.g3 Bg7 4.Bg2 O-O 5.O-O d5 6.c4 dxc4 7.Na3 Bd7 8.Nxc4 Bc6
9.b3 Bd5 10.Bb2 Nc6 11.Rc1 a5 12.a3 Ne8 13.e3 Nd6 14.Nce5 Nb8 15.Qc2 c6
16.Rfd1 Nd7 17.Nd2 Bxg2 18.Kxg2 Nb5 19.Nec4 Nb6 20.a4 Nxc4 21.bxc4 Nd6 22.c5
Nf5 23.Nc4 h5 24.Nb6 Ra6 25.d5 cxd5 26.e4 Bxb2 27.Qxb2 Ng7 28.Nxd5 Qb8
29.Nxe7+ Kh7 30.Rd7 Re6 31.Rxb7 Qd8 32.Nd5 Kh8 33.f3 {#r} 1-0

[Event "It"]
[Site "masterchessopen.com Miraflores (Peru)"]
[Round "6"]
[White "Miguel Fernando (PER)"]
[Black "Aguilar Juan (PER)"]
[Result "0-1"]
[WhiteElo "2217"]
[BlackElo "2312"]

1.Nf3 Nf6 2.g3 g6 3.Bg2 Bg7 4.O-O O-O 5.c4 d5 6.d4 dxc4 7.Na3 c3 8.bxc3 c5
9.e3 Nc6 10.Bb2 Bf5 11.Qe2 e5 12.e4 Bxe4 13.dxe5 Bd3 14.Qd1 Ng4 15.Re1 c4
16.Bc1 Qa5 17.Nd4 Ngxe5 {#R} 0-1

[Event "It"]
[Site "masterchessopen.com Muenster (Germany)"]
[Round "4"]
[White "Telljohann Sven (GER)"]
[Black "Hoffmann Michael (GER)"]
[Result "1-0"]
[WhiteElo "2370"]
[BlackElo "2455"]

1.d4 Nf6 2.Nf3 g6 3.g3 Bg7 4.Bg2 O-O 5.O-O d5 6.c4 dxc4 7.Na3 c3 8.bxc3 c5
9.Nc4 Nc6 10.Nfe5 Be6 11.Nxc6 bxc6 12.Ne5 Nd5 13.Qd2 Bxe5 14.dxe5 Qc7 15.e4
Nb6 16.Qg5 Na4 17.Be3 Bc4 18.Rfe1 Rab8 19.h4 Rb2 20.h5 Be6 21.Bf3 f6 22.Qh6
gxh5 23.Bf4 Qc8 24.Bxh5 Nxc3 25.exf6 exf6 26.Bd6 Bf7 27.Bxf8 Qxf8 28.Qc1 Bxh5
29.Qxb2 Nb5 30.e5 Nd4 31.e6 Qe7 32.Re3 Bg4 33.Qb8+ Kg7 34.Rb1 Nb5 35.a4 Nd6
36.Rd3 {#r} 1-0

[Event "It (open) \"]
[Site "masterchessopen.com Nethanya (Israel)"]
[Round "3"]
[White "Kantorovich Vadim (ISR)"]
[Black "Lahav Ehud (ISR)"]
[Result "0-1"]
[WhiteElo "2180"]
[BlackElo "2287"]

1.Nf3 Nf6 2.g3 g6 3.Bg2 Bg7 4.O-O O-O 5.c4 d5 6.d4 dxc4 7.Ne5 Ne8 8.Na3 Nd6
9.e3 Nd7 10.Naxc4 Nxe5 11.Nxe5 c6 12.Qe2 Be6 13.Rd1 Qb6 14.b3 a5 15.Ba3 a4
16.Bc5 Qc7 17.Rab1 axb3 18.axb3 Nb5 19.Qb2 Ra6 20.Bf1 Rfa8 21.Bxb5 cxb5 22.Nd3
Ra2 23.Qc1 b6 24.Bb4 Rc2 25.Ra1 Rc8 26.Qa3 Bf5 27.Ne1 Re2 28.Kf1 Rxe1+ 29.Kxe1
Qb7 30.Qa6 Qh1+ 31.Kd2 Rc2# 0-1

[Event "It (open)"]
[Site "masterchessopen.com Zalakaros (Hungary)"]
[Round "0"]
[White "Gyorkos Lajos (HUN)"]
[Black "Pesztericz Laszlo (HUN)"]
[Result "1-0"]
[WhiteElo "2395"]
[BlackElo "2130"]

1.d4 Nf6 2.c4 g6 3.Nf3 Bg7 4.g3 O-O 5.Bg2 d5 6.O-O dxc4 7.Na3 c5 8.Nxc4 cxd4
9.Nxd4 Qc7 10.b3 Rd8 11.Nb5 Qd7 12.Qxd7 Nbxd7 13.Ba3 Bf8 14.Rfd1 e6 15.Bxf8
Rxf8 16.Na5 Ne5 17.Nd6 Rb8 18.Ndxb7 Bd7 19.f4 Neg4 20.Bf3 Ne3 21.Rd3 Nc2
22.Rc1 Rbc8 23.Nd6 Rc5 24.Nab7 {#r} 1-0

[Event "Ch Ukraine (team)"]
[Site "masterchessopen.com Alushta (Ukraine)"]
[Round "0"]
[White "Piankov Evgenij (UKR)"]
[Black "Timoshenko Georgy (UKR)"]
[Result "0-1"]
[WhiteElo "2395"]
[BlackElo "2550"]

1.d4 Nf6 2.Nf3 g6 3.g3 Bg7 4.Bg2 O-O 5.O-O d5 6.c4 dxc4 7.Na3 c3 8.bxc3 c5
9.Nc4 Nc6 10.e3 Be6 11.Qe2 Nd5 12.Bb2 b5 13.Ncd2 b4 14.cxb4 Ndxb4 15.a3 cxd4
16.exd4 Nc2 17.Rac1 N2xd4 18.Bxd4 Nxd4 19.Nxd4 Bxd4 20.Bxa8 Qxa8 21.Qe4 Bb2
22.Rc7 Qd8 23.Qf4 Bh3 24.Rd1 e5 25.Qc4 Bg4 26.f3 Bxf3 27.Rf1 Bd4+ 28.Rf2 Bxf2+
29.Kxf2 Qxd2+ 30.Kxf3 Qxh2 31.Re7 Qh1+ 32.Kf2 Qh2+ 33.Kf3 {#R} 0-1

[Event "Staatsliga B South 1993/94"]
[Site "masterchessopen.com Austria"]
[Round "0"]
[White "Leitner Maximilian (GER)"]
[Black "Zebedin Wolfgang (AUT)"]
[Result "0-1"]
[WhiteElo "2264"]
[BlackElo "2152"]

1.d4 Nf6 2.Nf3 g6 3.g3 Bg7 4.Bg2 O-O 5.O-O d5 6.c4 dxc4 7.Ne5 c5 8.dxc5 Qc7
9.Nxc4 Qxc5 10.Nba3 Nc6 11.Be3 Qh5 12.f3 Rd8 13.Qb3 Nd5 14.g4 Qh4 15.Bf2 Qf6
16.Rfd1 Be6 17.Qxb7 Rdc8 18.Bg3 Nd4 19.Be5 Nxe2+ 20.Kf2 Qh4+ 21.Kxe2 Bxe5
22.Nxe5 Qxh2 23.Rxd5 Qxg2+ 24.Ke3 Rab8 25.Qxe7 Bxd5 26.Nd7 Qxf3+ 27.Kd4 Rb4+
{#R} 0-1

[Event "It (open)"]
[Site "masterchessopen.com Bern (Switzerland)"]
[Round "7"]
[White "Wohlfahrt Herbert J (AUT)"]
[Black "Bogdanov Valentin (UKR)"]
[Result "0-1"]
[WhiteElo "2270"]
[BlackElo "2460"]

1.d4 Nf6 2.Nf3 g6 3.c4 Bg7 4.g3 O-O 5.Bg2 d5 6.O-O dxc4 7.Na3 c3 8.bxc3 c5
9.e3 Nc6 10.Nc4 Be6 11.Nce5 Bd5 12.Nxc6 Bxc6 13.Ba3 Ne4 14.Qb3 Qa5 15.Rac1 b6
16.Rfe1 Rac8 17.c4 Nd6 18.d5 Ba4 19.Qb1 Bc3 20.Bb2 Bxe1 21.Nxe1 b5 22.cxb5
Qxb5 23.Bf1 c4 24.e4 Rb8 {#R} 0-1

[Event "It (c)"]
[Site "masterchessopen.com Brno (Czech Republic)"]
[Round "1"]
[White "Vechet Stanislav (CZE)"]
[Black "Kratochwil Christian (GER)"]
[Result "0-1"]
[WhiteElo "2180"]
[BlackElo "2315"]

1.d4 Nf6 2.g3 g6 3.Bg2 d5 4.Nf3 Bg7 5.O-O O-O 6.c4 dxc4 7.Na3 Nc6 8.Nxc4 Be6
9.b3 Bd5 10.Bb2 Qc8 11.Nfe5 Bxg2 12.Kxg2 Nxe5 13.Nxe5 Nd5 14.e4 Bxe5 15.dxe5
Nb6 16.Qc1 Rd8 17.Qg5 Qe6 18.Rad1 a5 19.h4 h5 20.f4 Rxd1 21.Rxd1 Qc6 22.Rd2
Qxe4+ 23.Kh2 Nd5 24.e6 Ne3 25.exf7+ Kxf7 26.Kg1 Qb1+ 27.Kf2 Ng4+ 28.Ke2 Qe4+
29.Kd1 Ne3+ 30.Ke1 Nf5+ 31.Kd1 Ra6 32.Be5 Rc6 {#R} 0-1

[Event "It (c)"]
[Site "masterchessopen.com Budapest (Hungary)"]
[Round "1"]
[White "Kabatianski Alexandr (GER)"]
[Black "Schmidt Bodo (GER)"]
[Result "1-0"]
[WhiteElo "2365"]
[BlackElo "2365"]

1.d4 Nf6 2.Nf3 g6 3.c4 Bg7 4.g3 O-O 5.Bg2 d5 6.O-O dxc4 7.Na3 c3 8.bxc3 c5
9.e3 Nc6 10.Qe2 Qc7 11.Bb2 e5 12.Nb5 Qb8 13.dxc5 Na5 14.Nd6 Nd7 15.Ba3 Qc7
16.Nb5 Qc6 17.Ng5 Qa6 18.Rfd1 Nf6 19.c4 Rb8 20.c6 bxc6 21.Bxf8 Bxf8 22.Nd6 c5
23.Nxc8 Rxc8 24.Rac1 Rb8 25.Ne4 Rb4 26.Nxf6+ Qxf6 27.Bd5 Nb7 28.a3 Rb6 29.Bxb7
Rxb7 30.Rb1 Rxb1 31.Rxb1 e4 32.Qc2 Qf3 33.Qd1 Qf5 34.Qd5 Qf3 35.Rb8 Qf6
36.Qxe4 {#r} 1-0

[Event "Ch Czechoslovakia (corr.)"]
[Site "masterchessopen.com Czechoslovakia"]
[Round "0"]
[White "Miskovsky Pavel (CZE)"]
[Black "Hlavac Rudolf (CZE)"]
[Result "1-0"]
[WhiteElo "2109"]
[BlackElo "2035"]

1.d4 Nf6 2.Nf3 g6 3.g3 Bg7 4.Bg2 O-O 5.O-O d5 6.c4 dxc4 7.Na3 c3 8.bxc3 c5
9.Ne5 Nd5 10.Bd2 Nc6 11.Nxc6 bxc6 12.Rc1 cxd4 13.cxd4 Bxd4 14.Bh6 Bg7 15.Bxg7
Kxg7 16.Rxc6 Be6 17.Qa1+ Nf6 18.Nb5 Bg4 19.Nc7 Rc8 20.Rd1 Bd7 21.Qc3 e6 22.Rc5
Qe7 23.Ra5 Bc6 24.Rxa7 Bxg2 25.Kxg2 Kg8 26.Qa5 Kg7 27.Qe5 Kg8 28.Nd5 Qxa7
29.Nxf6+ Kh8 30.Rd7 Qc5 31.Nd5+ {#r} 1-0

[Event "It (open)"]
[Site "masterchessopen.com Geneva (Switzerland)"]
[Round "4"]
[White "Michaud Christian (SUI)"]
[Black "Vegh Jean-Pierre (SUI)"]
[Result "0-1"]
[WhiteElo "2071"]
[BlackElo "2200"]

1.Nf3 Nf6 2.d4 g6 3.g3 Bg7 4.Bg2 O-O 5.O-O d5 6.c4 dxc4 7.Na3 c6 8.Nxc4 Be6
9.Nce5 Bd5 10.b3 a5 11.Bb2 Nbd7 12.Nxd7 Qxd7 13.Ne5 Qd8 14.f3 a4 15.e4 Be6
16.b4 a3 17.Bc3 Qb6 18.Rf2 Rfd8 19.Rb1 Nxe4 20.fxe4 Bxe5 21.Bd2 Bxa2 {#R} 0-1

[Event "Bundesliga (juniors) (North) West 1994/95"]
[Site "masterchessopen.com Germany"]
[Round "1"]
[White "Wiebe Patrick (GER)"]
[Black "Lauber Arnd (GER)"]
[Result "0-1"]
[WhiteElo "2198"]
[BlackElo "2464"]

1.d4 Nf6 2.Nf3 g6 3.g3 Bg7 4.Bg2 d5 5.O-O O-O 6.c4 dxc4 7.Na3 Nc6 8.Nxc4 Be6
9.Nfe5 Nxd4 10.Bxb7 Rb8 11.Bg2 Ng4 12.Bf4 Nxe5 13.Nxe5 Rxb2 14.Re1 Nxe2+
15.Kf1 Nxf4 16.gxf4 Qxd1 17.Raxd1 Bxe5 18.Rxe5 Rxa2 19.Rc1 Rb8 20.Re2 Rxe2
21.Kxe2 Rb2+ 22.Ke3 a5 23.Rxc7 a4 24.Ra7 Ra2 25.Rxe7 a3 26.Ra7 Ra1 {#R} 0-1

[Event "It (open)"]
[Site "masterchessopen.com Groningen (Netherlands)"]
[Round "5"]
[White "Krallmann Matthias (GER)"]
[Black "Tarasova Oksana (USA)"]
[Result "0-1"]
[WhiteElo "2275"]
[BlackElo "2170"]

1.d4 Nf6 2.c4 g6 3.g3 Bg7 4.Bg2 d5 5.Nf3 O-O 6.O-O dxc4 7.Na3 c3 8.bxc3 c5
9.e3 Nc6 10.Qe2 Bf5 11.Bb2 Qb6 12.Rfc1 Rfd8 13.Nd2 Qxb2 14.Nac4 Qb5 15.e4 Bg4
16.f3 Bd7 17.d5 Ne5 18.a4 Qa6 19.Bf1 Nxc4 20.Nxc4 b6 21.Qd2 Qc8 22.Rd1 Bh3
23.Be2 Rb8 24.Rab1 Nd7 25.f4 Nf6 26.Bf3 Bg4 27.Qe2 Bxf3 28.Qxf3 e6 29.d6 Qc6
{#R} 0-1

[Event "Ch Hungary (team) 1993/94"]
[Site "masterchessopen.com Hungary"]
[Round "0"]
[White "Karsa Laszlo (HUN)"]
[Black "Bagonyai Attila (HUN)"]
[Result "1-0"]
[WhiteElo "2346"]
[BlackElo "2343"]

1.g3 g6 2.Bg2 Bg7 3.d4 d5 4.Nf3 Nf6 5.O-O O-O 6.c4 dxc4 7.Na3 c3 8.bxc3 c5
9.e3 Nc6 10.Bb2 Bg4 11.h3 Bxf3 12.Bxf3 Qc8 13.Bg2 e5 14.d5 Na5 15.c4 e4 16.Qc2
Re8 17.Rad1 a6 18.f3 b6 19.fxe4 Nd7 20.e5 Bxe5 21.d6 Ra7 22.Bd5 Rf8 23.g4 Qe8
24.e4 Nb8 25.Bc1 Nac6 26.Bh6 Nb4 27.Qd2 Bd4+ 28.Be3 N8c6 29.Bxd4 Nxd4 30.Qg5
Qa4 31.Qe3 Nxd5 32.cxd5 f6 33.Rd2 Qe8 34.Nc4 {#r} 1-0

[Event "Ch Portugal (team)"]
[Site "masterchessopen.com Portugal"]
[Round "0"]
[White "Santos Jose P (POR)"]
[Black "Costa Jean-Luc (SUI)"]
[Result "1-0"]
[WhiteElo "2370"]
[BlackElo "2417"]

1.d4 d5 2.Nf3 Nf6 3.g3 g6 4.Bg2 Bg7 5.O-O O-O 6.c4 dxc4 7.Na3 Na6 8.Nxc4 c5
9.b3 Bf5 10.Bb2 Be4 11.Qd2 cxd4 12.Bxd4 Nc7 13.Qb2 Ne6 14.Be5 Rc8 15.Rfd1 Qe8
16.Rac1 Rc6 17.a4 Qa8 18.Qa3 Re8 19.Ne1 Bxg2 20.Nxg2 Ng5 21.Nf4 Ra6 22.Qb4 Rc6
23.f3 Qc8 24.Kg2 Nh5 25.Bxg7 Nxf4+ 26.gxf4 Qh3+ 27.Kg1 Nxf3+ 28.exf3 Kxg7
29.Ne5 Rxc1 30.Rxc1 f6 31.Qb5 Rf8 32.Qd7 Qh6 33.Qxe7+ Kg8 34.Qe6+ {#r} 1-0

[Event "Tournament"]
[Site "masterchessopen.com Sveti Sava (Yugoslavia)"]
[Round "0"]
[White "Drasko Milan (MNE)"]
[Black "Nestorovic Dejan (SRB)"]
[Result "1-0"]
[WhiteElo "2520"]
[BlackElo "2365"]

1.d4 Nf6 2.c4 g6 3.Nf3 Bg7 4.g3 O-O 5.Bg2 d5 6.O-O dxc4 7.Na3 c3 8.bxc3 c5
9.e3 Nc6 10.Qe2 Qa5 11.Bb2 Rd8 12.Rfc1 Bg4 13.h3 Bxf3 14.Bxf3 Rac8 15.Nc4 Qa6
16.a4 b6 17.Nd2 Qxe2 18.Bxe2 e5 19.Ba6 Rc7 20.Nb3 exd4 21.cxd4 Nd5 22.Bb5 Ncb4
23.e4 Ne7 24.Rab1 Na2 25.Rc4 Nb4 26.dxc5 Bxb2 27.Rxb4 bxc5 28.Rc4 {#r} 1-0

[Event "It \"]
[Site "masterchessopen.com USA"]
[Round "-20"]
[White "Rohwer Paul (USA)"]
[Black "Karklins Eric"]
[Result "1-0"]
[WhiteElo "2225"]
[BlackElo "2320"]

1.d4 d5 2.Nf3 Nf6 3.g3 g6 4.Bg2 Bg7 5.O-O O-O 6.c4 dxc4 7.Ne5 c5 8.e3 Qc7
9.Qe2 Be6 10.Nc3 Nc6 11.Nxc6 bxc6 12.dxc5 Qa5 13.Bxc6 Rac8 14.Bg2 Qxc5 15.e4
Rfd8 16.Be3 Qa5 17.Rfd1 Ng4 18.Bd2 Qc5 19.h3 Ne5 20.Be3 Qa5 21.f4 Nd3 22.e5
Rb8 23.Rab1 Rb4 24.Kh2 Rdb8 25.b3 Rd8 26.a3 Rbb8 27.bxc4 Rxb1 28.Nxb1 Bxc4
29.Qc2 Bb5 30.Nc3 Rc8 31.Bd4 Qa6 32.Qb1 Bc4 33.Bb7 Rb8 34.Bxa6 Rxb1 35.Bxc4
{#r} 1-0